00660nam a22002057a 4500003000900000005001700009007000300026008003900029020001800068040002500086082002100111100002700132245007900159260005100238300003100289500006500320650001900385650002000404700003000424DO-SdBNP20260120073951.0ta210317e2020020 dr a 0er 0 eng 100dspa a9789945917765 aDO-SdBNPbspacBNPHU 4a248.4bA197e2221 a Adames, Julio,d1986-10aEfecto Zarandeo /cJulio José Adames Castro ; prólogo: Alexis Angulo. aSanto Domingo : bEditora Luz De Luna, c2020. a116 p. : bil. ; c23 cm.  aIncluye datos biográficos del autor en la contracubierta. 0aVida cristiana 0aVida espiritual1 aAngulo, Alexis, epról.